Tilastot visalle Love Island Suomi 1

Klikkaa tästä pelataksesi tätä visaa!

Yleistilastot

  • Tätä visaa on pelattu 110 kertaa
  • Keskiarvotulos 11 / 26

Vastaustilastot

Vastaus% Oikein
Veera
84%
Patrick
80%
Ville
80%
Pauli
76%
Aura
75%
Anku
74%
Pauliina
73%
Janne
70%
Jeffrey
69%
Sami
60%
Senja
49%
Emma
40%
Mika
37%
Alexander
34%
Johanna
33%
Alexina
26%
Tanja
25%
Nelli
23%
Refai
22%
Hanna
19%
Jaakko
18%
Riku
15%
Sara
15%
Markus
14%
Severi
10%
Tiia
7%

Tulosjakauma

Persentiili vastausten määrän mukaan

Jokaisen tuloksen saaneiden osuus

Tuloshistoriasi

Et ole pelannut tätä visaa